00705cam a22002171 450000100070000000500170000700800410002401000170006504000180008204100080010008000230010808200230013110000060015410100080016024500930016850400300026190600450029194200120033699900170034895201220036575296120180222081834.0711013s1966 nyu b 000 0 eng  a 66017695  aDLCcDLCdDLC aeng a616.8900724 PER00a616.8900724 PER1 a4 aSHM14aThe human nature of science;c[by] Stewart E. Perry. With a foreword by John P. Spiegel. aBibliography: p. 266-277. a7bcbccorignewdueocipf19gy-gencatlg 2ddccBK c43206d43206 00102udc40708PËKGa002b002cPËKGd2018-02-22l0o616.8900724 PERp002-2999742r2018-02-22w2018-02-22yBK